Introducción al derecho del trabajo

Salvato in:
Dettagli Bibliografici
Autore principale: Thayer Arteaga, William (Autore)
Natura: Libro
Lingua:spagnolo
Pubblicazione: Santiago Jurídica 1984
Edizione:2a. ed
Soggetti:
Tags: Aggiungi Tag
Nessun Tag, puoi essere il primo ad aggiungerne!!

MARC

LEADER 00000nam a2200000 a 4500
001 UCS6281
003 CL-VaPUC
008 970917e19840000CL |||||||||||||||||spa|d
082 0 4 |a 344.01  |b THA  |2 21 
100 0 |a Thayer Arteaga, William  |e author  |9 391885 
245 1 0 |a Introducción al derecho del trabajo 
250 |a 2a. ed 
300 |a 230 p 
942 |c BK 
945 |d 19970917 00:00:00  |a jquezada 
260 |a Santiago  |b Jurídica  |c 1984 
650 7 |a DERECHO LABORAL  |2 CL-VaPUC  |9 15 
650 0 |a Naturaleza jurídica  |9 371885 
650 0 |a Sindicatos  |9 255034 
583 |a last modification  |c 20170714 01:36:16  |k Rodrigo Vera 
999 |c 262219  |d 262217 
952 |0 0  |1 0  |4 0  |6 344_010000000000000_THA_1984  |7 0  |8 A  |9 290475  |a BIBDER  |b BIBDER  |d 2019-11-19  |i 3351394  |o 344.01 THA 1984  |p 3351394  |r 2023-01-25  |w 2019-11-19  |y BK  |k DER